The Sting Of The Scorpion (Record no. 8948)

MARC details
000 -LEADER
fixed length control field 00934nam a22002177a 4500
003 - CONTROL NUMBER IDENTIFIER
control field OSt
005 - DATE AND TIME OF LATEST TRANSACTION
control field 20260311063038.0
008 - FIXED-LENGTH DATA ELEMENTS--GENERAL INFORMATION
fixed length control field 260311b |||||||| |||| 00| 0 eng d
020 ## - INTERNATIONAL STANDARD BOOK NUMBER
International Standard Book Number 0448089580
040 ## - CATALOGING SOURCE
Original cataloging agency DWCL GS lib
Transcribing agency OC
082 ## - DEWEY DECIMAL CLASSIFICATION NUMBER
Classification number Fic, D621Ss 2008
100 ## - MAIN ENTRY--PERSONAL NAME
Personal name Dixon Franklin W.
245 ## - TITLE STATEMENT
Title The Sting Of The Scorpion
Statement of responsibility, etc. Franklin W. Dixon
260 ## - PUBLICATION, DISTRIBUTION, ETC.
Place of publication, distribution, etc. Canada
Name of publisher, distributor, etc. Franklin W. Dixon
Date of publication, distribution, etc. 1979
300 ## - PHYSICAL DESCRIPTION
Extent Extent- vii, 180 pages:
Other physical details illustrations ;
Dimensions 20cm
520 ## - SUMMARY, ETC.
Summary, etc. Frank and Joe investigate the "Scorpio" terrorist gang and sabotaged events at the new Wild World Zoo.
650 ## - SUBJECT ADDED ENTRY--TOPICAL TERM
Topical term or geographic name entry element spans both literal biological behavior and metaphorical lessons on human nature, often centered on the inevitability of instinct and the necessity of caution.
650 ## - SUBJECT ADDED ENTRY--TOPICAL TERM
Topical term or geographic name entry element one should not change their nature of compassion just because of the ingratitude or harm caused by others.
700 ## - ADDED ENTRY--PERSONAL NAME
Personal name Franklin W. Dixon
942 ## - ADDED ENTRY ELEMENTS (KOHA)
Source of classification or shelving scheme Dewey Decimal Classification
Koha item type Fiction
Suppress in OPAC No

No items available.